000 00257nam a22001217a 4500
008 180202b xxu||||| |||| 00| 0 eng d
041 _aeng
080 _a54
100 _a12
101 _aKIM
245 _aQUANTATIVE CHEMICAL
_cJAMES.F.N
942 _2udc
_cBK
999 _c41704
_d41704